000 00828nam a22002417a 4500
003 DO-SdBNP
005 20171128160254.0
008 150817s 1989 xxu spa d
040 _aBPMSU
_bspa
_cBPMSU
082 _axxxx
_bxxxx
245 0 0 _a"Chistes" :
_bpolitical humor in Cuba
260 _aWashington, D.C. :
_bCuban american national foundation,
_c1989.
300 _a34 p :
_c24 cm.
650 4 _aEDUCACIÓN CÍVICA
_xENSEÑANZA SECUNDARIA
650 4 _aEDUCACIÓN SECUNDARIA
_zREPÚBLICA DOMINICANA
650 4 _aEDUCACIÓN ÍVICA
_xLIBROS DE TEXTOS
650 4 _aCÍVICA
_xESTUDIOS Y EJERCICIOS
650 4 _aEDUCACIÓN CÍVICA
_xEDUCACIÓN SECUNDARIA
910 _aValidado. Control de calidad MFF
942 _2ddc
_cBK
945 _aInventariado extranjero / 2017 YL
956 _aYLOCKWARD
_b10
_c20171128
_d00144
999 _c13189
_d13189